000 01488nam a2200349 a 4500
001 BRCA_8632
005 20190320210342.0
008 220916s1720----it-a######---#000-0#lat-#
041 _alat
044 _ait
050 4 _aBX1970
_b.M57
_c1720
245 1 0 _aMissale romanum ex decreto sacro sancti concilii tridenti restitutum S. PIII V. Pontificis Maximi jussu editum Clementis VIII & Urbani VIII auctoritate recognitum in quo missae novissime sanctorum summo studio disponuntur.
260 _aVenetiis
_bSumptibus Pauli Balleonii
_c1720
300 _a420. lxxx p.
_bil.
_c39 cm
500 _aFondo antiguo
500 _aSe encuentra en Caja Fuerte
500 _a12-6
500 _aLibro impreso a dos tintas negro y rojo
500 _aGrabado en portada
500 _aFiligrana en las guardas
500 _aContiene 5 láminas en las páginas: 1, 14, 178, 188 y 211
500 _aIncluye tablas
500 _aTexto impreso a dos columnas
500 _aUso de letras capiturales
500 _aEstado físico: presente manchas en las páginas 179-186
500 _aNota de encuadernación: en terciopelo, ornamentos y escudo en plata
505 0 _aContiene: missae propriae sanctorum decretis quam plurium romanorum pontificum, et clmentis XI pontificis maximi, 1719
506 0 _aFondo reservado: para su consulta es necesario credencial de usuario y carta de motivos
650 1 4 _aIglesia católica
_eLiturgia
_vtextos
_921555
902 _aLAR
942 _2lcc
_cB
999 _c8292
_d8292